[Event "Albert Boxer Classic op"]
[Site "Winnipeg CAN"]
[Date "2005.05.15"]
[Round "4"]
[White "Boron, Anthony"]
[Black "Lipnowski, Samuel"]
[Result "0-1"]
[WhiteElo "1980"]
[BlackElo "2116"]
[PlyCount "135"]
[GameId "2160767910968376"]
[EventDate "2005.05.13"]
[EventType "swiss"]
[EventRounds "5"]
[EventCountry "CAN"]
[SourceTitle "CBM 106 Extra"]
[Source "ChessBase"]
[SourceDate "2005.07.01"]
[SourceVersion "1"]
[SourceVersionDate "2005.07.01"]
[SourceQuality "1"]

1. e4 c5 2. Nf3 e6 3. d3 Nc6 4. c3 d5 5. Nbd2 Nf6 6. e5 Nd7 7. d4 Be7 8. Bb5 O-O 9. O-O Qb6 10. Bxc6 bxc6 11. Nb3 cxd4 12. Qxd4 Ba6 13. Re1 Qxd4 14. Nbxd4 Rfc8 15. Be3 Rab8 16. b3 c5 17. Ne2 h6 18. h4 Bd3 19. Kh2 a5 20. Neg1 a4 21. Red1 Bc2 22. Rd2 axb3 23. axb3 Bxb3 24. Ra7 Rd8 25. Rb2 Bf8 26. g4 c4 27. g5 Ra8 28. Rb7 Nc5 29. Bxc5 Bxc5 30. gxh6 gxh6 31. Ne2 Ra7 32. Rxa7 Bxa7 33. Nf4 Bc5 34. Nh5 Kf8 35. Nf6 d4 36. cxd4 Bxd4 37. Nxd4 Rxd4 38. Kg3 Rd8 39. Kf4 Bd1 40. Ne4 Rd5 41. Rb8+ Kg7 42. Rc8 Bh5 43. Rc6 Kf8 44. Rd6 Rxd6 45. exd6 Bg6 46. Nc3 f6 47. Ke3 e5 48. Nd5 Bf5 49. Nxf6 Kf7 50. d7 Ke7 51. Ng8+ Kxd7 52. Nxh6 Be6 53. f3 Kd6 54. Ng4 Bf5 55. h5 c3 56. h6 Kd5 57. Ke2 Kd4 58. Nf6 Kc4 59. h7 Bxh7 60. Nxh7 Kb3 61. Ng5 c2 62. Ne4 c1=Q 63. Kf2 Qh6 64. Kg3 Qf4+ 65. Kf2 Kc4 66. Nd6+ Kd5 67. Ne4 Ke6 68. Ng3 0-1

[Event "Albert Boxer Classic op"]
[Site "Winnipeg CAN"]
[Date "2005.05.15"]
[Round "4"]
[White "Cheyne, Andrew"]
[Black "Kohalmi, Andy"]
[Result "0-1"]
[WhiteElo "1373"]
[BlackElo "1589"]
[PlyCount "74"]
[GameId "2160767910968377"]
[EventDate "2005.05.13"]
[EventType "swiss"]
[EventRounds "5"]
[EventCountry "CAN"]
[SourceTitle "CBM 106 Extra"]
[Source "ChessBase"]
[SourceDate "2005.07.01"]
[SourceVersion "1"]
[SourceVersionDate "2005.07.01"]
[SourceQuality "1"]

1. e4 c5 2. Nf3 d6 3. d4 cxd4 4. Nxd4 Nf6 5. Nc3 e5 6. Nb3 a6 7. Bg5 Be6 8. Be2 Be7 9. Qd2 O-O 10. O-O b5 11. Bxf6 Bxf6 12. Nd5 Bxd5 13. Qxd5 Ra7 14. Rad1 Be7 15. Kh1 Nd7 16. f4 Nf6 17. Qd3 Qc7 18. c3 Rd8 19. Qf3 Qb7 20. fxe5 dxe5 21. Rxd8+ Bxd8 22. Nc5 Qc6 23. Rd1 Be7 24. b4 Bxc5 25. bxc5 Rd7 26. Rxd7 Nxd7 27. Qg4 g6 28. Qg5 Qxe4 29. Qd8+ Nf8 30. Qd3 Qc6 31. Qd6 Qxd6 32. cxd6 Ne6 33. c4 b4 34. Bf3 Kf8 35. Bd5 Ke8 36. Kg1 Kd7 37. Bxe6+ Kxe6 0-1

[Event "Albert Boxer Classic op"]
[Site "Winnipeg CAN"]
[Date "2005.05.15"]
[Round "4"]
[White "Evans, Rick"]
[Black "Anderson, George"]
[Result "1-0"]
[WhiteElo "1856"]
[BlackElo "1437"]
[PlyCount "69"]
[GameId "2160767910968378"]
[EventDate "2005.05.13"]
[EventType "swiss"]
[EventRounds "5"]
[EventCountry "CAN"]
[SourceTitle "CBM 106 Extra"]
[Source "ChessBase"]
[SourceDate "2005.07.01"]
[SourceVersion "1"]
[SourceVersionDate "2005.07.01"]
[SourceQuality "1"]

1. d4 e6 2. c4 b6 3. Nc3 Bb4 4. a3 Bxc3+ 5. bxc3 h6 6. e4 d6 7. Nf3 Ne7 8. Bd3 Nd7 9. O-O e5 10. Be3 Bb7 11. Nh4 Ng6 12. Nxg6 fxg6 13. Qg4 Qf6 14. f4 h5 15. Qg3 exd4 16. Bxd4 Qf7 17. e5 O-O-O 18. Rae1 Nf8 19. e6 Nxe6 20. Bxg6 Qg8 21. Bf5 Re8 22. Qxg7 Qxg7 23. Bxg7 Rhg8 24. Rxe6 Kb8 25. Rxe8+ Rxe8 26. Bh3 Ba6 27. Kf2 Bxc4 28. Re1 Rg8 29. Re7 Kb7 30. g3 Bb5 31. Bg2+ Kc8 32. Bd5 Re8 33. Rxe8+ Bxe8 34. f5 Kd7 35. f6 1-0

[Event "Albert Boxer Classic op"]
[Site "Winnipeg CAN"]
[Date "2005.05.15"]
[Round "4"]
[White "Joven, Perfecto"]
[Black "Tang, Edward"]
[Result "0-1"]
[WhiteElo "1917"]
[BlackElo "2018"]
[PlyCount "88"]
[GameId "2160767910968379"]
[EventDate "2005.05.13"]
[EventType "swiss"]
[EventRounds "5"]
[EventCountry "CAN"]
[SourceTitle "CBM 106 Extra"]
[Source "ChessBase"]
[SourceDate "2005.07.01"]
[SourceVersion "1"]
[SourceVersionDate "2005.07.01"]
[SourceQuality "1"]

1. e4 c5 2. Nf3 d6 3. d4 cxd4 4. Nxd4 Nf6 5. Nc3 g6 6. Be3 Bg7 7. f3 O-O 8. Qd2 Nc6 9. O-O-O Bd7 10. g4 Rc8 11. Nb3 Ne5 12. Be2 a5 13. Nd4 a4 14. a3 b5 15. Ncxb5 Rb8 16. Nc3 Qb6 17. b3 axb3 18. Nxb3 Qb7 19. g5 Ne8 20. f4 Nc6 21. Nd5 Qa8 22. Rdg1 Be6 23. Kd1 Qxa3 24. Ke1 Bxd5 25. exd5 Nb4 26. Bd1 Nc7 27. Nd4 Ncxd5 28. Bf2 e5 29. fxe5 Rfe8 30. Nb3 Bxe5 31. Kf1 Bc3 32. Qc1 Qa6+ 33. Kg2 Na2 34. Qb1 Nf4+ 35. Kg3 Be5 36. Kh4 Nc3 37. Qc1 Nce2 38. Bxe2 Nxe2 39. Qf1 Qc4+ 40. Rg4 Qxc2 41. Nd4 Nxd4 42. Bxd4 Bxd4 43. Rxd4 Re4+ 44. Rxe4 Qxe4+ 0-1

[Event "Albert Boxer Classic op"]
[Site "Winnipeg CAN"]
[Date "2005.05.15"]
[Round "4"]
[White "Khedkar, Jay S"]
[Black "Booth, Kevin"]
[Result "1-0"]
[WhiteElo "1975"]
[BlackElo "1305"]
[PlyCount "53"]
[GameId "2160767910968380"]
[EventDate "2005.05.13"]
[EventType "swiss"]
[EventRounds "5"]
[EventCountry "CAN"]
[SourceTitle "CBM 106 Extra"]
[Source "ChessBase"]
[SourceDate "2005.07.01"]
[SourceVersion "1"]
[SourceVersionDate "2005.07.01"]
[SourceQuality "1"]

1. e4 c5 2. Nf3 d6 3. d4 cxd4 4. Nxd4 Nf6 5. Nc3 Nc6 6. Bg5 Nxd4 7. Qxd4 e5 8. Bb5+ Bd7 9. Qa4 Be7 10. O-O-O a6 11. Bxd7+ Qxd7 12. Qxd7+ Kxd7 13. Bxf6 Bxf6 14. Nd5 Ke6 15. Nc7+ Kd7 16. Nxa8 Rxa8 17. Rd5 b5 18. Rhd1 Be7 19. R1d3 b4 20. Rxe5 a5 21. Rb5 Bd8 22. Rb7+ Ke6 23. f4 g6 24. g4 f5 25. exf5+ gxf5 26. g5 Be7 27. Re3+ 1-0

[Event "Albert Boxer Classic op"]
[Site "Winnipeg CAN"]
[Date "2005.05.15"]
[Round "4"]
[White "Nikouline, Alexandre"]
[Black "Czarny, Keith"]
[Result "1-0"]
[WhiteElo "1996"]
[BlackElo "1647"]
[PlyCount "79"]
[GameId "2160767910968382"]
[EventDate "2005.05.13"]
[EventType "swiss"]
[EventRounds "5"]
[EventCountry "CAN"]
[SourceTitle "CBM 106 Extra"]
[Source "ChessBase"]
[SourceDate "2005.07.01"]
[SourceVersion "1"]
[SourceVersionDate "2005.07.01"]
[SourceQuality "1"]

1. e4 d5 2. exd5 Nf6 3. d4 Nxd5 4. Nf3 Bg4 5. Be2 e6 6. O-O Be7 7. c4 Nf6 8. Nc3 O-O 9. Qb3 b6 10. Be3 Nbd7 11. h3 Bh5 12. Rad1 Qc8 13. Qc2 Bg6 14. Bd3 c5 15. Bxg6 hxg6 16. d5 exd5 17. Nxd5 Nxd5 18. Rxd5 Nf6 19. Rd2 Rd8 20. Rfd1 Rxd2 21. Rxd2 Qc7 22. Kf1 Rd8 23. Ke2 Rxd2+ 24. Qxd2 Ne4 25. Qd5 Nf6 26. Qa8+ Bd8 27. Ng5 Nh7 28. Ne4 Nf8 29. Qd5 Qd7 30. Kd3 Bc7 31. Nc3 Qe7 32. Qe4 Qd6+ 33. Nd5 Ne6 34. Kc2 f5 35. Qd3 f4 36. Nxc7 Qxd3+ 37. Kxd3 Nxc7 38. Bxf4 Ne8 39. Bb8 a6 40. Ba7 1-0

[Event "Albert Boxer Classic op"]
[Site "Winnipeg CAN"]
[Date "2005.05.15"]
[Round "4"]
[White "Rutter, Blair"]
[Black "Degroot, Stephen"]
[Result "1-0"]
[WhiteElo "1742"]
[BlackElo "1594"]
[PlyCount "27"]
[GameId "2160767910968383"]
[EventDate "2005.05.13"]
[EventType "swiss"]
[EventRounds "5"]
[EventCountry "CAN"]
[SourceTitle "CBM 106 Extra"]
[Source "ChessBase"]
[SourceDate "2005.07.01"]
[SourceVersion "1"]
[SourceVersionDate "2005.07.01"]
[SourceQuality "1"]

1. c4 c6 2. Nc3 d5 3. e3 Nf6 4. d4 Bf5 5. Qb3 b6 6. cxd5 Nxd5 7. Nxd5 Be6 8. e4 cxd5 9. Bb5+ Nd7 10. exd5 Bf5 11. Nf3 Qc7 12. O-O e6 13. Ne5 exd5 14. Qxd5 1-0

[Event "Albert Boxer Classic op"]
[Site "Winnipeg CAN"]
[Date "2005.05.15"]
[Round "4"]
[White "Vincent, Trevor"]
[Black "Van Wyk, Joseph"]
[Result "0-1"]
[WhiteElo "2001"]
[BlackElo "1851"]
[PlyCount "44"]
[GameId "2160767910968385"]
[EventDate "2005.05.13"]
[EventType "swiss"]
[EventRounds "5"]
[EventCountry "CAN"]
[SourceTitle "CBM 106 Extra"]
[Source "ChessBase"]
[SourceDate "2005.07.01"]
[SourceVersion "1"]
[SourceVersionDate "2005.07.01"]
[SourceQuality "1"]

1. c4 Nf6 2. g3 c5 3. Bg2 Nc6 4. Nf3 e6 5. O-O d5 6. cxd5 exd5 7. d4 Be7 8. dxc5 Bxc5 9. Bg5 Be6 10. Qc2 Be7 11. Nc3 O-O 12. Rfd1 Qa5 13. Be3 Rac8 14. Nd4 Rfd8 15. Nb3 Qc7 16. Rac1 Na5 17. Nxa5 Qxa5 18. Bd4 b5 19. Qb3 b4 20. Bxf6 Bxf6 21. Qa4 Qc5 22. Ne4 Qxc1 0-1

[Event "Albert Boxer Classic op"]
[Site "Winnipeg CAN"]
[Date "2005.05.15"]
[Round "4"]
[White "Wasserman, Leor"]
[Black "Gibbons, Lorne"]
[Result "1-0"]
[WhiteElo "1111"]
[BlackElo "1296"]
[PlyCount "50"]
[GameId "2160767910968386"]
[EventDate "2005.05.13"]
[EventType "swiss"]
[EventRounds "5"]
[EventCountry "CAN"]
[SourceTitle "CBM 106 Extra"]
[Source "ChessBase"]
[SourceDate "2005.07.01"]
[SourceVersion "1"]
[SourceVersionDate "2005.07.01"]
[SourceQuality "1"]

1. e4 e5 2. Ne2 Nf6 3. Nbc3 Bc5 4. g3 Ng4 5. d4 exd4 6. Nxd4 d6 7. h3 Nf6 8. Bg2 O-O 9. O-O Re8 10. Re1 Bd7 11. e5 dxe5 12. Bxb7 exd4 13. Rxe8+ Qxe8 14. Bxa8 dxc3 15. bxc3 c6 16. Bf4 Na6 17. Bb7 Nb8 18. Qe1 Ne4 19. Qc1 Nxf2 20. Kh2 Qe4 21. Bxb8 Ng4+ 22. hxg4 Qe2+ 23. Kh1 Qf3+ 24. Kh2 Bxg4 25. Qe1 Qf2+ 1-0

[Event "Albert Boxer Classic op"]
[Site "Winnipeg CAN"]
[Date "2005.05.15"]
[Round "4"]
[White "Zaczek, Jonathon"]
[Black "Cleto, Sam"]
[Result "1/2-1/2"]
[WhiteElo "2011"]
[BlackElo "1808"]
[PlyCount "81"]
[GameId "2160767910968387"]
[EventDate "2005.05.13"]
[EventType "swiss"]
[EventRounds "5"]
[EventCountry "CAN"]
[SourceTitle "CBM 106 Extra"]
[Source "ChessBase"]
[SourceDate "2005.07.01"]
[SourceVersion "1"]
[SourceVersionDate "2005.07.01"]
[SourceQuality "1"]

1. e4 g6 2. d4 Bg7 3. Nc3 d6 4. Be3 Nf6 5. f3 O-O 6. Qd2 c6 7. h4 b5 8. O-O-O b4 9. Nce2 Qa5 10. Kb1 Be6 11. Nc1 Nh5 12. Nge2 Bc4 13. g4 Nf6 14. Ng3 Bxf1 15. Rdxf1 c5 16. Bh6 c4 17. Bxg7 Kxg7 18. h5 Rh8 19. h6+ Kf8 20. g5 Nfd7 21. f4 Nc6 22. d5 b3 23. c3 bxa2+ 24. Nxa2 Nd8 25. Qd4 Rg8 26. Qxc4 Nb6 27. Qd4 Rb8 28. f5 Na4 29. Rh2 Ke8 30. Qg7 Kd7 31. Qxg8 Nxc3+ 32. Nxc3 Qxc3 33. Rc2 Qxg3 34. Qg7 Qd3 35. Re1 Rc8 36. Rec1 Nb7 37. fxg6 Rxc2 38. Rxc2 Qd1+ 39. Rc1 Qd3+ 40. Ka2 Qa6+ 41. Kb1 1/2-1/2

[Event "Albert Boxer Classic op"]
[Site "Winnipeg CAN"]
[Date "2005.05.15"]
[Round "5"]
[White "Degroot, Stephen"]
[Black "Booth, Kevin"]
[Result "1-0"]
[WhiteElo "1594"]
[BlackElo "1305"]
[PlyCount "45"]
[GameId "2160767910968390"]
[EventDate "2005.05.13"]
[EventType "swiss"]
[EventRounds "5"]
[EventCountry "CAN"]
[SourceTitle "CBM 106 Extra"]
[Source "ChessBase"]
[SourceDate "2005.07.01"]
[SourceVersion "1"]
[SourceVersionDate "2005.07.01"]
[SourceQuality "1"]

1. e4 e5 2. Nf3 d6 3. d4 exd4 4. Nxd4 Nf6 5. Nc3 Nc6 6. Be3 Be7 7. Qd2 Ng4 8. f4 Nxe3 9. Qxe3 Nb4 10. O-O-O Bg4 11. Rd2 a5 12. h3 Bd7 13. g4 a4 14. a3 Nc6 15. Nf5 Bxf5 16. gxf5 f6 17. Rg1 Rg8 18. Bc4 Rh8 19. Rxg7 Qd7 20. Be6 Qd8 21. Qf3 Qb8 22. Rdg2 Nd4 23. Qh5+ 1-0

[Event "Albert Boxer Classic op"]
[Site "Winnipeg CAN"]
[Date "2005.05.15"]
[Round "5"]
[White "Hogeveen Rutter, Alexander"]
[Black "Anderson, George"]
[Result "1-0"]
[WhiteElo "1772"]
[BlackElo "1437"]
[PlyCount "65"]
[GameId "2160767910968392"]
[EventDate "2005.05.13"]
[EventType "swiss"]
[EventRounds "5"]
[EventCountry "CAN"]
[SourceTitle "CBM 106 Extra"]
[Source "ChessBase"]
[SourceDate "2005.07.01"]
[SourceVersion "1"]
[SourceVersionDate "2005.07.01"]
[SourceQuality "1"]

1. e4 e6 2. d4 d5 3. exd5 exd5 4. c4 Nf6 5. Nc3 Bg4 6. Nf3 Bb4 7. a3 Bxc3+ 8. bxc3 O-O 9. Be2 dxc4 10. Bxc4 Re8+ 11. Be3 Ne4 12. Qb3 Re7 13. Bxf7+ Rxf7 14. Ne5 Qf6 15. Nxg4 Qb6 16. Qxb6 axb6 17. Ne5 Re7 18. c4 Nd7 19. Nxd7 Rxd7 20. O-O Nd6 21. Rfc1 Nf5 22. Rd1 Nxe3 23. fxe3 c5 24. d5 Ra4 25. Rab1 Rxa3 26. e4 Ra2 27. e5 Kf8 28. e6 Rd6 29. Rf1+ Ke8 30. Rf7 Rc2 31. Rxb7 Rxe6 32. dxe6 Rxc4 33. Ra1 1-0

[Event "Albert Boxer Classic op"]
[Site "Winnipeg CAN"]
[Date "2005.05.15"]
[Round "5"]
[White "Kohalmi, Andy"]
[Black "Khedkar, Jay S"]
[Result "1/2-1/2"]
[WhiteElo "1589"]
[BlackElo "1975"]
[PlyCount "101"]
[GameId "2160767910968393"]
[EventDate "2005.05.13"]
[EventType "swiss"]
[EventRounds "5"]
[EventCountry "CAN"]
[SourceTitle "CBM 106 Extra"]
[Source "ChessBase"]
[SourceDate "2005.07.01"]
[SourceVersion "1"]
[SourceVersionDate "2005.07.01"]
[SourceQuality "1"]

1. Nf3 Nf6 2. c4 e6 3. Nc3 d5 4. e3 Nbd7 5. d4 c6 6. cxd5 exd5 7. Bd3 Bd6 8. O-O O-O 9. a3 Re8 10. Qc2 Nf8 11. h3 Ne6 12. Bd2 g6 13. Rae1 Ng7 14. Kh1 Bf5 15. Bxf5 Nxf5 16. g4 Ng7 17. e4 Nxe4 18. Nxe4 dxe4 19. Rxe4 Qd7 20. Rfe1 Rxe4 21. Rxe4 Re8 22. Rxe8+ Qxe8 23. Bc3 Qe6 24. Qd3 h5 25. Qe3 hxg4 26. Qxe6 Nxe6 27. hxg4 Nf4 28. Ng5 Ne2 29. Ne4 Be7 30. a4 Nxc3 31. bxc3 Kg7 32. Kg2 f5 33. gxf5 gxf5 34. Ng3 Kf6 35. Kf3 Bd6 36. Ne2 b5 37. axb5 cxb5 38. Ke3 Ke6 39. Nc1 Kd5 40. Kd3 a5 41. Nb3 a4 42. Na5 Be7 43. f3 Bd6 44. c4+ bxc4+ 45. Nxc4 a3 46. Nd2 Bf4 47. Nb3 Bg5 48. Na1 Bf6 49. Nc2 Be7 50. Na1 Bf8 51. Kc3 1/2-1/2

[Event "Albert Boxer Classic op"]
[Site "Winnipeg CAN"]
[Date "2005.05.15"]
[Round "5"]
[White "Lipnowski, Samuel"]
[Black "Tang, Edward"]
[Result "1-0"]
[WhiteElo "2116"]
[BlackElo "2018"]
[PlyCount "101"]
[GameId "2160767910968394"]
[EventDate "2005.05.13"]
[EventType "swiss"]
[EventRounds "5"]
[EventCountry "CAN"]
[SourceTitle "CBM 106 Extra"]
[Source "ChessBase"]
[SourceDate "2005.07.01"]
[SourceVersion "1"]
[SourceVersionDate "2005.07.01"]
[SourceQuality "1"]

1. e4 c5 2. Nf3 d6 3. d4 cxd4 4. Nxd4 Nf6 5. Nc3 g6 6. Bc4 Bg7 7. O-O Nc6 8. Nb3 O-O 9. Re1 Bg4 10. f3 Ne5 11. Bf1 Be6 12. Nd5 Bxd5 13. exd5 b5 14. c3 Qb6+ 15. Kh1 Qb7 16. Nd4 Qxd5 17. Bxb5 a6 18. Bf1 e6 19. a4 Rfc8 20. h3 Nh5 21. Kh2 Nc6 22. Nxc6 Qxc6 23. f4 d5 24. Be2 Nf6 25. Bf3 Rab8 26. Qe2 Nd7 27. Be3 Bf8 28. Rec1 Qc4 29. b4 Qxe2 30. Bxe2 Nb6 31. Bxa6 Rd8 32. a5 Nd7 33. Bd4 Bd6 34. g3 f6 35. Be2 h5 36. h4 Kf7 37. a6 Nf8 38. a7 Ra8 39. b5 Nd7 40. b6 Nc5 41. Bb5 e5 42. fxe5 fxe5 43. Bxc5 Bxc5 44. Bc6 Bxb6 45. Bxa8 Rxa8 46. Rcb1 Be3 47. Rb8 Rxa7 48. Rxa7+ Bxa7 49. Rb7+ Kf6 50. Rxa7 e4 51. Kg2 1-0

[Event "Albert Boxer Classic op"]
[Site "Winnipeg CAN"]
[Date "2005.05.15"]
[Round "5"]
[White "MacPherson, Al"]
[Black "Remillard, John"]
[Result "0-1"]
[WhiteElo "1748"]
[BlackElo "1562"]
[PlyCount "60"]
[GameId "2160767910968395"]
[EventDate "2005.05.13"]
[EventType "swiss"]
[EventRounds "5"]
[EventCountry "CAN"]
[SourceTitle "CBM 106 Extra"]
[Source "ChessBase"]
[SourceDate "2005.07.01"]
[SourceVersion "1"]
[SourceVersionDate "2005.07.01"]
[SourceQuality "1"]

1. d4 d5 2. c4 dxc4 3. e4 c5 4. d5 b5 5. a4 Qa5+ 6. Bd2 c3 7. Bxb5+ Bd7 8. Bxc3 Qb6 9. Bxd7+ Nxd7 10. Ne2 Ngf6 11. Ng3 h5 12. h4 Ng4 13. a5 Qa6 14. Qe2 Rh6 15. Qxa6 Rxa6 16. O-O g6 17. Nd2 Nge5 18. Ne2 Rb8 19. f4 Nd3 20. Nc4 Nb4 21. Bxb4 Rxb4 22. Rfc1 Bg7 23. Rab1 Nf6 24. Ng3 Bh6 25. f5 Bxc1 26. fxg6 Rxc4 27. g7 Ng8 28. b3 Be3+ 29. Kf1 Rc1+ 30. Rxc1 Bxc1 0-1

[Event "Albert Boxer Classic op"]
[Site "Winnipeg CAN"]
[Date "2005.05.15"]
[Round "5"]
[White "Oberton, Daniel"]
[Black "Gannon, Keith"]
[Result "1/2-1/2"]
[WhiteElo "1536"]
[BlackElo "1561"]
[PlyCount "103"]
[GameId "2160767910968396"]
[EventDate "2005.05.13"]
[EventType "swiss"]
[EventRounds "5"]
[EventCountry "CAN"]
[SourceTitle "CBM 106 Extra"]
[Source "ChessBase"]
[SourceDate "2005.07.01"]
[SourceVersion "1"]
[SourceVersionDate "2005.07.01"]
[SourceQuality "1"]

1. e4 Nc6 2. d4 e5 3. d5 Nce7 4. Nf3 Ng6 5. Nc3 Nf6 6. Bd3 d6 7. O-O Be7 8. b3 O-O 9. Bb2 Bd7 10. Qd2 Nf4 11. Ne2 Nxd3 12. Qxd3 a6 13. c4 Ne8 14. Rac1 Rb8 15. c5 Bb5 16. Qd2 Nf6 17. Qc2 Re8 18. a4 Bxe2 19. Qxe2 dxc5 20. Bxe5 Nd7 21. Bf4 f6 22. b4 Bd6 23. Bxd6 cxd6 24. bxc5 Nxc5 25. Rc4 Qd7 26. Ra1 Re7 27. Nd2 f5 28. f3 Rbe8 29. a5 Re5 30. Rd4 fxe4 31. fxe4 Qe7 32. Re1 g6 33. Rb1 Nxe4 34. Nxe4 Rxe4 35. Rxe4 Qxe4 36. Qxe4 Rxe4 37. Rxb7 Ra4 38. Rb6 Rxa5 39. Rxd6 Kf7 40. Kf2 Ke7 41. Rb6 Rxd5 42. Rxa6 Rd7 43. Kf3 Kf7 44. h3 h5 45. g4 Rd3+ 46. Kg2 hxg4 47. hxg4 Rd4 48. Kf3 Rb4 49. Kg3 Kg7 50. g5 Rb3+ 51. Kf4 Rb4+ 52. Kg3 1/2-1/2

[Event "Albert Boxer Classic op"]
[Site "Winnipeg CAN"]
[Date "2005.05.15"]
[Round "5"]
[White "Rutter, Blair"]
[Black "Boron, Anthony"]
[Result "1/2-1/2"]
[WhiteElo "1742"]
[BlackElo "1980"]
[PlyCount "88"]
[GameId "2160767910968397"]
[EventDate "2005.05.13"]
[EventType "swiss"]
[EventRounds "5"]
[EventCountry "CAN"]
[SourceTitle "CBM 106 Extra"]
[Source "ChessBase"]
[SourceDate "2005.07.01"]
[SourceVersion "1"]
[SourceVersionDate "2005.07.01"]
[SourceQuality "1"]

1. c4 e5 2. g3 Nf6 3. Bg2 c6 4. Nc3 Bc5 5. e3 Na6 6. Nge2 O-O 7. O-O d5 8. cxd5 cxd5 9. d4 exd4 10. exd4 Bb6 11. Bg5 Be6 12. Bxf6 gxf6 13. Nf4 Nc7 14. Qd3 Ba5 15. Rfe1 Bb4 16. Re2 Qd7 17. h3 Bf5 18. Qd2 Bxc3 19. bxc3 Bg6 20. Rae1 Rad8 21. h4 Kh8 22. Re7 Qd6 23. Nxg6+ hxg6 24. h5 g5 25. Bh3 Rde8 26. Rxe8 Rxe8 27. Rxe8+ Nxe8 28. Qe2 Nc7 29. Bf5 Ne6 30. Bc2 Qd7 31. Qf3 Qd8 32. Qf5 Nf8 33. Bb3 Ne6 34. Bxd5 Ng7 35. Qe4 f5 36. Qg2 Qe7 37. Bxb7 Qe1+ 38. Kh2 Qxc3 39. h6 Ne6 40. d5 Nd8 41. d6 Qf6 42. Qd5 Qxh6+ 43. Kg2 Nxb7 44. Qxb7 Qxd6 1/2-1/2

[Event "Albert Boxer Classic op"]
[Site "Winnipeg CAN"]
[Date "2005.05.15"]
[Round "5"]
[White "Schulz, Waldemar"]
[Black "Evans, Rick"]
[Result "1/2-1/2"]
[WhiteElo "2052"]
[BlackElo "1856"]
[PlyCount "63"]
[GameId "2160767910968398"]
[EventDate "2005.05.13"]
[EventType "swiss"]
[EventRounds "5"]
[EventCountry "CAN"]
[SourceTitle "CBM 106 Extra"]
[Source "ChessBase"]
[SourceDate "2005.07.01"]
[SourceVersion "1"]
[SourceVersionDate "2005.07.01"]
[SourceQuality "1"]

1. Nf3 Nf6 2. c4 e6 3. d4 c5 4. d5 exd5 5. cxd5 d6 6. Nc3 g6 7. e4 Bg7 8. Be2 O-O 9. O-O Re8 10. Qc2 Na6 11. a3 Nc7 12. Re1 Rb8 13. a4 Bg4 14. Nd2 Bxe2 15. Rxe2 Nd7 16. Nc4 Ne5 17. Nxe5 Bxe5 18. f4 Bd4+ 19. Be3 Bxe3+ 20. Rxe3 a6 21. a5 Nb5 22. Nxb5 axb5 23. Qd2 b4 24. e5 Ra8 25. Rae1 Rxa5 26. f5 Rxe5 27. fxg6 hxg6 28. Rxe5 dxe5 29. d6 Ra6 30. Rd1 Qd7 31. Qd5 e4 32. Qxc5 1/2-1/2

[Event "Albert Boxer Classic op"]
[Site "Winnipeg CAN"]
[Date "2005.05.15"]
[Round "5"]
[White "Van Wyk, Joseph"]
[Black "Nikouline, Alexandre"]
[Result "1-0"]
[WhiteElo "1851"]
[BlackElo "1996"]
[PlyCount "73"]
[GameId "2160767910968399"]
[EventDate "2005.05.13"]
[EventType "swiss"]
[EventRounds "5"]
[EventCountry "CAN"]
[SourceTitle "CBM 106 Extra"]
[Source "ChessBase"]
[SourceDate "2005.07.01"]
[SourceVersion "1"]
[SourceVersionDate "2005.07.01"]
[SourceQuality "1"]

1. e4 c5 2. Nf3 d6 3. Bb5+ Bd7 4. Bxd7+ Qxd7 5. O-O Nf6 6. Re1 Nc6 7. c3 Ng4 8. d4 O-O-O 9. h3 Nf6 10. Qa4 Kb8 11. dxc5 dxc5 12. Bf4+ Ka8 13. Nbd2 e5 14. Nc4 Qc7 15. Nfxe5 Nxe5 16. Bxe5 Qc6 17. Qxc6 bxc6 18. Bxf6 gxf6 19. Rad1 Bh6 20. Na5 Bf4 21. Nxc6 Rxd1 22. Rxd1 Kb7 23. Ne7 Ka6 24. Rd7 Rb8 25. Nd5 Bc1 26. b3 Rb7 27. Rxb7 Kxb7 28. Nxf6 c4 29. b4 Kc6 30. a4 Kd6 31. f3 Ke5 32. Ng4+ Kf4 33. Kf2 h5 34. g3+ Kg5 35. h4+ Kg6 36. Ne5+ Kf6 37. Nxc4 1-0

[Event "Albert Boxer Classic op"]
[Site "Winnipeg CAN"]
[Date "2005.05.15"]
[Round "5"]
[White "Vincent, Trevor"]
[Black "Cleto, Sam"]
[Result "1-0"]
[WhiteElo "2001"]
[BlackElo "1808"]
[PlyCount "59"]
[GameId "2160767910968400"]
[EventDate "2005.05.13"]
[EventType "swiss"]
[EventRounds "5"]
[EventCountry "CAN"]
[SourceTitle "CBM 106 Extra"]
[Source "ChessBase"]
[SourceDate "2005.07.01"]
[SourceVersion "1"]
[SourceVersionDate "2005.07.01"]
[SourceQuality "1"]

1. c4 g6 2. g3 Bg7 3. Bg2 c6 4. Nc3 Nf6 5. e4 d6 6. Nge2 O-O 7. O-O Bg4 8. f3 Be6 9. d3 b5 10. cxb5 cxb5 11. d4 b4 12. Nb1 Bc4 13. Be3 a5 14. Nd2 Bd3 15. Nb3 Bb5 16. d5 Ba4 17. Qd3 Bxb3 18. Qxb3 Nbd7 19. Nd4 Nc5 20. Qc2 Nh5 21. Nc6 Qd7 22. f4 Rac8 23. Bf3 Kh8 24. Qe2 Nf6 25. Bd4 Kg8 26. Rad1 Rfe8 27. b3 Rc7 28. Bxc5 dxc5 29. e5 Nh5 30. Nxe7+ 1-0

[Event "Albert Boxer Classic op"]
[Site "Winnipeg CAN"]
[Date "2005.05.15"]
[Round "5"]
[White "Zaczek, Jonathon"]
[Black "Joven, Perfecto"]
[Result "1-0"]
[WhiteElo "2011"]
[BlackElo "1917"]
[PlyCount "49"]
[GameId "2160767910968401"]
[EventDate "2005.05.13"]
[EventType "swiss"]
[EventRounds "5"]
[EventCountry "CAN"]
[SourceTitle "CBM 106 Extra"]
[Source "ChessBase"]
[SourceDate "2005.07.01"]
[SourceVersion "1"]
[SourceVersionDate "2005.07.01"]
[SourceQuality "1"]

1. e4 d6 2. Nc3 g6 3. d4 Bg7 4. Be3 Nf6 5. f3 O-O 6. Qd2 Re8 7. O-O-O a6 8. h4 h5 9. Nge2 b5 10. g4 hxg4 11. h5 gxf3 12. Ng3 Ng4 13. hxg6 fxg6 14. Bg5 Nc6 15. Bh3 Nxd4 16. Bxg4 Bxg4 17. Bh6 Ne2+ 18. Ngxe2 fxe2 19. Rdg1 Rf8 20. Nxe2 Bxe2 21. Rxg6 Rf7 22. Qxe2 e5 23. Bxg7 Rxg7 24. Rxg7+ Kxg7 25. Qg4+ 1-0